Sports Quiz

Random Sports or Country Quiz

Countries With 2014 Olympic Teams Quiz Stats

 Plays Quiz not verified by Sporcle

Score 0/87 Timer 12:00
0 Plays Today
Hint Answer % Correct
United States
100%
Russia
98%
Canada
91.8%
Great Britain
91.8%
China
89.8%
Japan
89.8%
Sweden
89.8%
Australia
87.8%
Brazil
87.8%
Finland
87.8%
Jamaica
87.8%
Austria
85.7%
Denmark
85.7%
France
85.7%
Germany
85.7%
Norway
85.7%
Switzerland
85.7%
Chile
83.7%
Iceland
83.7%
Independent Olympic Participants
83.7%
South Korea
83.7%
Slovakia
83.7%
Ukraine
83.7%
Argentina
81.6%
Latvia
81.6%
Greece
79.6%
Iran
79.6%
Ireland
79.6%
Italy
79.6%
Hint Answer % Correct
Mexico
79.6%
Netherlands
79.6%
Poland
79.6%
Serbia
79.6%
Belgium
77.6%
Czech Republic
77.6%
Estonia
77.6%
New Zealand
77.6%
Slovenia
77.6%
Spain
77.6%
Hungary
75.5%
Portugal
75.5%
Belarus
73.5%
Lithuania
73.5%
Turkey
73.5%
Albania
71.4%
Mongolia
71.4%
Peru
71.4%
Georgia
69.4%
Kazakhstan
69.4%
Macedonia
69.4%
Pakistan
69.4%
Venezuela
69.4%
Andorra
67.3%
Bulgaria
67.3%
Croatia
67.3%
Romania
67.3%
Thailand
67.3%
Azerbaijan
65.3%
Hint Answer % Correct
Bosnia and Herzegovina
65.3%
Liechtenstein
65.3%
Monaco
65.3%
Uzbekistan
65.3%
Luxembourg
61.2%
Montenegro
61.2%
Nepal
61.2%
San Marino
59.2%
Chinese Taipei
59.2%
Armenia
57.1%
Cyprus
57.1%
Moldova
57.1%
Morocco
57.1%
Paraguay
57.1%
Philippines
57.1%
Tajikistan
57.1%
Kyrgyzstan
55.1%
Malta
53.1%
Zimbabwe
49%
Togo
46.9%
Tonga
46.9%
Dominica
44.9%
Israel
42.9%
Lebanon
42.9%
British Virgin Islands
34.7%
Bermuda
28.6%
Hong Kong
28.6%
Timor-Leste
20.4%
Cayman Islands
18.4%

You're not logged in!

Compare scores with friends on all Sporcle quizzes.
OR
Log In

Show Comments

Extras

Top Quizzes Today


Score Distribution

Your Account Isn't Verified!

In order to create a playlist on Sporcle, you need to verify the email address you used during registration. Go to your Sporcle Settings to finish the process.

Report this User

Report this user for behavior that violates our Community Guidelines.

Details: